000 00467nam a2200169Ia 4500
999 _c191
_d191
003 OSt
005 20201223153045.0
008 190216s9999||||xx |||||||||||||| ||und||
040 _coclc
082 _a297.1243
_bMUS/S
100 _aMuslim, Imam
_97827
245 0 _aSahih Muslim /
_cImam Muslim
260 _bSahithya Pravarthaka Sahakarana Sangam,
300 _a295p
650 _aArabic
942 _cBK
_2ddc
_h297.1243
_iMUS/S
_k297.1243
_mMUS/S